Application of Sustainable Business in the Sense of the 2030 Agenda
Trvalo udržateľný rozvoj sa čoraz viac dostáva do centra pozornosti európskych krajín a národných ekonomík, vyjadruje odhodlanie, potrebnú a potrebnú iniciatívu všetkých štátov, verejných inštitúcií, podnikov a v neposlednom rade aj domácností, teda jednotlivcov. Definuje výzvu pre všetkých obyvateľ...
Salvato in:
| Autore principale: | |
|---|---|
| Altri autori: | |
| Natura: | Capitolo di libro |
| Lingua: | slovacco |
| Soggetti: | |
| Tags: |
Nessun Tag, puoi essere il primo ad aggiungerne!!
|
MARC
| LEADER | 00000naa$a2200000$$$4500 | ||
|---|---|---|---|
| 001 | 0290239 | ||
| 005 | 20240502083938.1 | ||
| 041 | 0 | |a slo | |
| 044 | |a CZ | ||
| 245 | 1 | 0 | |a Application of Sustainable Business in the Sense of the 2030 Agenda |c Jana Kissová, Gabriela Dubcová |
| 520 | |a Trvalo udržateľný rozvoj sa čoraz viac dostáva do centra pozornosti európskych krajín a národných ekonomík, vyjadruje odhodlanie, potrebnú a potrebnú iniciatívu všetkých štátov, verejných inštitúcií, podnikov a v neposlednom rade aj domácností, teda jednotlivcov. Definuje výzvu pre všetkých obyvateľov zeme a zdôrazňuje nevyhnutnosť politickej, sociálnej a ekonomickej transformácie krajín v reakcii na globálne výzvy, ktorým čelíme. Účelom všetkých snáh a iniciatív v oblasti trvalo udržateľného rozvoja je zabezpečiť taký rozvoj, ktorý umožní napĺňať potreby súčasnej generácie bez ohrozenia možností a uspokojovania potrieb budúcich generácií. | ||
| 610 | 2 | 0 | |a rozvoj trvalo udržateľný |
| 610 | 2 | 0 | |a zodpovednosť |
| 610 | 2 | 0 | |a Slovensko |
| 100 | 1 | |a Kissová, Jana, 1979- | |
| 700 | 1 | |a Dubcová, Gabriela, 1968- | |